000 nam a22 7a 4500
999 _c10881
_d10881
008 180306b ||||| |||| 00| 0 eng d
100 _aSehgal,N.K.etal.
_96698
245 _aScience and Technology-VII
260 _aNew Delhi
_bSultan Chand
_c2015